Statistics for Top 10 Richest Countries in Africa

Click here to take the quiz!

General Stats

  • This quiz has been taken 13,699 times
    (13,433 since last reset)
  • The average score is 7 of 10

Answer Stats

GDP per Capita Country % Correct
$14,000South Africa
98%
$13,800Egypt
96%
$16,000Algeria
87%
$12,800Tunisia
83%
$12,100Libya
76%
$32,000Seychelles
75%
$24,900Mauritius
69%
$18,700Botswana
62%
$18,900Gabon
52%
$21,400Equatorial Guinea
47%

Score Distribution

Percentile by Number Answered

Percent of People with Each Score

Your Score History

You have not taken this quiz since the last reset